000 00470nam a22001577a 4500
005 20251108164131.0
008 250721s9999 xx 000 0 ara d
082 1 4 _a041/أني
100 1 _aمنصور، أنيس
245 1 0 _aأوراق على شجر /
264 1 _aالقاهرة :
_bدار الشعب للصحافة و الطباعة و النشر،
_c[19-].
300 _a320ص
650 1 7 _aالمقالات العربية
942 _2ddc
_cREF
999 _c4467
_d4467